Contaminated land (Record no. 65619)
[ view plain ]
| 000 -LEADER | |
|---|---|
| fixed length control field | 01103cam a2200229 4500 |
| 001 - CONTROL NUMBER | |
| control field | WB3701-10 |
| 008 - FIXED-LENGTH DATA ELEMENTS--GENERAL INFORMATION | |
| fixed length control field | 000000n 000 0 eng u |
| 035 ## - SYSTEM CONTROL NUMBER | |
| System control number | (Sirsi) u110014 |
| 245 ## - TITLE STATEMENT | |
| Title | Contaminated land |
| 260 ## - PUBLICATION, DISTRIBUTION, ETC. | |
| Place of publication, distribution, etc. | c $2 000. |
| 490 ## - SERIES STATEMENT | |
| Series statement | Construction Monitor |
| Volume/sequential designation | December 2000, 4(1) |
| 520 ## - SUMMARY, ETC. | |
| Summary, etc. | CIRIA report C545 "Land contamination: control of financial risk", part-funded by the DETR's Partners in Innovation programme, gives advice on how to manage the risks and liability associated with projects involving contaminated land in light of the introduction of FRS12, Part IIA of the Environmental Protection Act 1990 and the government's brownfield regeneration targets. Copies of the guide, priced £95 for members and £195 for non-members, are available from CIRIA. Tel: 020 7222 8891, email:[email protected]. |
| 590 ## - LOCAL NOTE (RLIN) | |
| Local note | WB |
| 650 ## - SUBJECT ADDED ENTRY--TOPICAL TERM | |
| Topical term or geographic name entry element | CONTAMINATED LAND |
| 650 ## - SUBJECT ADDED ENTRY--TOPICAL TERM | |
| Topical term or geographic name entry element | BROWNFIELD SITES |
| 650 ## - SUBJECT ADDED ENTRY--TOPICAL TERM | |
| Topical term or geographic name entry element | FRS12 |
| 650 ## - SUBJECT ADDED ENTRY--TOPICAL TERM | |
| Topical term or geographic name entry element | ENVIRONMENTAL PROTECTION ACT 1990 PART IIA |
| 650 ## - SUBJECT ADDED ENTRY--TOPICAL TERM | |
| Topical term or geographic name entry element | FINANCIAL RISKS |
| 650 ## - SUBJECT ADDED ENTRY--TOPICAL TERM | |
| Topical term or geographic name entry element | LIABILITY |
| 690 ## - LOCAL SUBJECT ADDED ENTRY--TOPICAL TERM (OCLC, RLIN) | |
| Topical term or geographic name as entry element | ENVIRONMENT-CONTAMINATION |
| 942 ## - ADDED ENTRY ELEMENTS (KOHA) | |
| Suppress in OPAC | 0 |
| Withdrawn status | Lost status | Source of classification or shelving scheme | Damaged status | Not for loan | Home library | Current library | Shelving location | Date acquired | Total Checkouts | Full call number | Barcode | Date last seen | Copy number | Price effective from | Koha item type |
|---|---|---|---|---|---|---|---|---|---|---|---|---|---|---|---|
| Dewey Decimal Classification | London | London | News article | 20/12/2000 | WB3701-10 | 110014-1001 | 06/08/2019 | 1 | 06/08/2019 | News article |